| 000 | 02300cam a22002891i 4500 | ||
|---|---|---|---|
| 003 | SA-RiAUC | ||
| 005 | 20241003144254.0 | ||
| 008 | 241002s2001 le g 000 0 ara c | ||
| 040 |
_aEG-OcO6U _bara _cSA-RiAUC. _erda |
||
| 082 | 0 | 4 | _a231 |
| 090 |
_a231 _b خ ط ي |
||
| 100 | 1 |
_aالخطيب البغدادي، أحمد بن علي بن ثابت، _d392-463 هجري _eمؤلف. |
|
| 245 | 1 | 0 |
_aتقييد العلم / _cأحمد بن علي بن ثابت الخطيب البغدادي. |
| 250 | _aالطبعة الأولى. | ||
| 264 | 1 |
_aبيروت : _bالمكتبة العصرية : _bشركة أبناء شريف الأنصاري، _c2001 |
|
| 300 |
_a164 صفحة ؛ _c24 سم |
||
| 336 |
_aنص _btxt _2rdacontent _3كتاب |
||
| 337 |
_aبدون وسيط _bn _2rdamedia |
||
| 338 |
_aمجلد _bnc _2rdacarrier |
||
| 520 | 0 | _aتدوين الحديث-ذكر الأحاديث الموقوفة عن الصحابة. | |
| 650 | 7 |
_aعلم دراية الحديث _2aucsh |
|
| 650 | 7 |
_aالحديث _xمصطلح _2aucsh |
|
| 856 |
_uhttp://www.alwaraq.net/Core/AlwaraqSrv/bookpage?book=557&option=1&fkey=2&page=1 _yDigital Copy _2 نرجو الانتباه لإمكانية وجود اختلاف في الطبعة أو الناشر بين البيانات على البوابة وما ستجده على الكتاب نظرا لمحدودية المعلومات المتاحة على الموقع الناشر للمادة. _3Please note that there may be a difference in the edition or publisher between the data on the portal and the book due to the limited information available on the publisher website for the material. |
||
| 856 |
_uhttp://www.alwaraq.net/Core/waraq/coverpage?bookid=557&option=1 _yExternal Link _2 نرجو الانتباه لإمكانية وجود اختلاف في الطبعة أو الناشر بين البيانات على البوابة وما ستجده على الكتاب نظرا لمحدودية المعلومات المتاحة على الموقع الناشر للمادة. _3Please note that there may be a difference in the edition or publisher between the data on the portal and the book due to the limited information available on the publisher website for the material. |
||
| 942 |
_2ddc _cBOOK _n0 |
||
| 949 |
_aSA-JeALM _d241002 _umohamedma123 _n1 |
||
| 999 |
_c850 _d850 |
||